Most Successful NFL Teams of the 1990's - Statistics

General Stats
  • This quiz has been taken 51 times
  • The average score is 9 of 10
Answer Stats
Total Score Best Season Answer % Correct
29.25 6.75 (1992) Dallas Cowboys
100%
25.75 6.75 (1994) San Francisco 49ers
98%
18.5 7 (1997, 1998) Denver Broncos
93%
18.75 6.75 (1996) Green Bay Packers
91%
14.25 4.25 (1995) Pittsburgh Steelers
91%
23.75 4.75 (1990, 1991, 1992) Buffalo Bills
89%
13.25 2.75 (1992) Miami Dolphins
89%
10.375 7 (1991) Washington Redskins
87%
11.25 3.75 (1998) Minnesota Vikings
83%
13.5 3.75 (1993) Kansas City Chiefs
63%
No matching quizzes found
Score Distribution
Percent of People with Each Score
Percentile by Number Answered
Your Score History
You have not taken this quiz